000 00866nam a22002657a 4500
003 DO-SdBNP
005 20250731094356.0
008 171110b 2005 dr 00| 0 spa d
020 _a9993449342
040 _aBPMSU
_bspa
_cBPMSU
082 4 _a410
_bM433e 2005
_222
100 1 _aMatos Moquete, Manuel,
_d1944-
245 1 0 _aEstudios translingüísticos /
_cManuel Matos Mquete ; corrección Odalís Pérez
260 _aSanto Domingo :
_bEditora Nacional ,
_c2005.
300 _a256 p. ;
_c23 cm.
490 0 _aPremios Nacionales
500 _aIncluye datos biográficos del autor en las solapas.
586 _aPremio Anual de Ensayo Pedro Henríquez Ureña
590 _6Inventariado, 2022/VM
650 4 _aLingüística.
650 4 _aFilosofía del lenguaje.
700 1 _aPérez, Odalís,
_ecoordinador
910 _aVMateo V. /Validado
942 _2ddc
_cBK
999 _c12854
_d12854